|
|
|
|
| LEADER |
03073nam a2200865 i 4500 |
| 001 |
nkc20213366961 |
| 003 |
CZ PrNK |
| 005 |
20220315105921.0 |
| 007 |
ta |
| 008 |
211014s2021 xr e 000 0 cze |
| 015 |
|
|
|a cnb003366961
|
| 020 |
|
|
|a 978-80-11-00556-6
|q (brožováno)
|
| 035 |
|
|
|a (OCoLC)1310113892
|
| 040 |
|
|
|a OLA001
|b cze
|e rda
|
| 043 |
|
|
|a e-gx---
|a e-xr---
|b e-xr-ol
|2 czenas
|
| 045 |
|
|
|a y1y2
|
| 072 |
|
7 |
|a 2-23/-27
|x Bible. Biblistika
|2 Konspekt
|9 5
|
| 080 |
|
|
|a 27-247
|2 MRF
|
| 080 |
|
|
|a 27-232/-236
|2 MRF
|
| 080 |
|
|
|a 2-474-256-277
|2 MRF
|
| 080 |
|
|
|a 272-184.3
|2 MRF
|
| 080 |
|
|
|a 27-4
|2 MRF
|
| 080 |
|
|
|a 070.482
|2 MRF
|
| 080 |
|
|
|a 27-475.5
|2 MRF
|
| 080 |
|
|
|a (437.325)
|2 MRF
|
| 080 |
|
|
|a (430)
|2 MRF
|
| 080 |
|
|
|a (046)
|2 MRF
|
| 080 |
|
|
|a (0:82-4)
|2 MRF
|
| 080 |
|
|
|a (082.21)
|2 MRF
|
| 080 |
|
|
|a (081)
|2 MRF
|
| 100 |
1 |
|
|a Hron, Karel,
|d 1981-
|7 mzk2012719860
|4 aut
|4 pbl
|
| 245 |
1 |
0 |
|a Na cestě s milosrdným rebelem :
|b výběr zamyšlení ze Svatomořického zpravodaje na motivy kázání Jörga Siegera /
|c Karel Hron
|
| 264 |
|
1 |
|a Olomouc :
|b [Karel Hron],
|c 2021
|
| 264 |
|
3 |
|b Tiskárna Budík Grafika s.r.o.
|
| 300 |
|
|
|a 97 stran ;
|c 24 cm
|
| 336 |
|
|
|a text
|b txt
|2 rdacontent
|
| 337 |
|
|
|a bez média
|b n
|2 rdamedia
|
| 338 |
|
|
|a svazek
|b nc
|2 rdacarrier
|
| 500 |
|
|
|a 150 výtisků
|
| 600 |
1 |
7 |
|a Sieger, Jörg,
|d 1960-
|7 mzk20221138481
|2 czenas
|
| 630 |
0 |
7 |
|a Svatomořický zpravodaj
|7 unn20221138479
|2 czenas
|
| 630 |
0 |
7 |
|a Bible.
|p Evangelia
|7 unn2006374683
|2 czenas
|
| 630 |
0 |
9 |
|a Bible.
|p Gospels
|2 eczenas
|
| 648 |
|
7 |
|a 2017-2021
|7 ch1186026
|2 czenas
|
| 648 |
|
7 |
|a 21. století
|7 ch460559
|2 czenas
|
| 650 |
0 |
7 |
|a evangelia
|7 ph886569
|2 czenas
|
| 650 |
0 |
7 |
|a biblické texty
|7 ph118860
|2 czenas
|
| 650 |
0 |
7 |
|a biblická interpretace
|7 ph118847
|2 czenas
|
| 650 |
0 |
7 |
|a katolická víra
|7 ph121532
|2 czenas
|
| 650 |
0 |
7 |
|a křesťanský život
|7 ph122132
|2 czenas
|
| 650 |
0 |
7 |
|a náboženské časopisy
|7 ph297025
|z Česko
|y 21. století
|2 czenas
|
| 650 |
0 |
7 |
|a kázání
|7 ph122077
|z Německo
|y 20.-21. století
|2 czenas
|
| 650 |
0 |
9 |
|a The gospels
|2 eczenas
|
| 650 |
0 |
9 |
|a Biblical texts
|2 eczenas
|
| 650 |
0 |
9 |
|a Biblical interpretation
|2 eczenas
|
| 650 |
0 |
9 |
|a Catholic faith
|2 eczenas
|
| 650 |
0 |
9 |
|a Christian life
|2 eczenas
|
| 650 |
0 |
9 |
|a religious journals
|z Czechia
|y 21st century
|2 eczenas
|
| 650 |
0 |
9 |
|a sermons
|z Germany
|y 20th-21st centuries
|2 eczenas
|
| 651 |
|
7 |
|a Olomouc (Česko)
|7 ge130299
|2 czenas
|
| 651 |
|
9 |
|a Olomouc (Czechia)
|2 eczenas
|
| 655 |
|
7 |
|a články
|7 fd133976
|2 czenas
|
| 655 |
|
7 |
|a úvahy
|7 fd134000
|2 czenas
|
| 655 |
|
7 |
|a výbory
|7 fd133853
|2 czenas
|
| 655 |
|
7 |
|a sborníky
|7 fd724345
|2 czenas
|
| 655 |
|
9 |
|a journal articles
|2 eczenas
|
| 655 |
|
9 |
|a essays
|2 eczenas
|
| 655 |
|
9 |
|a selected works
|2 eczenas
|
| 655 |
|
9 |
|a papers by one author
|2 eczenas
|
| 730 |
0 |
|
|a Svatomořický zpravodaj
|7 unn20221138479
|
| 910 |
2 |
|
|a BOA001
|b 2-1478.469
|
| 990 |
|
|
|a BK
|
| 995 |
|
|
|a 01
|
| 991 |
|
|
|b 202201
|c NOV
|
| 996 |
6 |
|
|b 2610888601
|c 2-1478.469
|l MZK
|r Sklad / do 1 hodiny
|n 0
|p p.v.
|w 001872471
|u 000010
|a 1
|e BOA001
|j MZK50
|s P
|